000
00288nam a22001457a 4500
003
SGT
020
_a
651.74
082
_a
CHA
100
_a
CHATURVEDI, P.D.
245
_a
BUSINESS COMMUNICTION
250
_a
4TH
260
_a
PEARSON INDIA
_c
2017
300
_a
431
942
_2
ddc
_c
BK
_0
7
999
_c
14272
_d
14272